00852cam a2200265 a 4500001001300000005001700013008004100030020001500071020001800086035002100104040004400125041000800169245006700177260003700244300001900281490003200300650002700332650003300359650003700392700003500429700003100464700003400495700003000529700002700559ocn12394179520211105120848.0171201s2007 sp b 001 0 spa d a8484567982 a9788484567981 a(OCoLC)123941795 aCo-BoUCMbspacSaul NiñodSaul Niño0 aspa00aDerecho internacionalcAntonio Remiro Brotóns ... [y otros.] aValenciabTirant lo Blanchc2007 a1382 páginas0 aManuales / Tirant lo Blanch 7aDerecho internacional  7aCooperación internacional  7aDerecho internacional público 1 aRemiro Brotons, Antoniod1945-1 aDíez-Hochleitner, Javier1 aOrihuela Calatayud, Esperanza1 aPérez-Prat Durban, Luis1 aRiquelme Cortado, Rosa